| 000 | 00332nam a22001457a 4500 | ||
|---|---|---|---|
| 003 | SGT | ||
| 020 | _a978-81-7371-674-4 | ||
| 082 |
_a615 _bC10P |
||
| 100 | _aPRASAD, P. JAGADISH | ||
| 245 | _aCONCEPTUAL PHARMACOLOGY | ||
| 260 |
_aNEW DELHI _bUNIVERSITY PRESS _c2010 |
||
| 300 | _a692 | ||
| 650 | _aPHARMACOLOGY | ||
| 942 |
_2ddc _cBK _04 |
||
| 999 |
_c9625 _d9625 |
||